01028nam a2200265Ia 4500008004100000020001500041020001800056040006000074041000800134100002500142245011300167260004800280300004200328490001600370586007700386586006300463650003000526650003500556650003400591650003000625650002400655700003000679700003300709765002000742130821s2005 sp a gr spa  a8496473090 a9788496473096 aCO-BoUCMbspacAngélica ChartanodAldemar Mondragón00aspa1 aRavishankar, Anushka10aTigre trepadorcAnushka Ravishankar ; ilustraciones Pulak Biswas ; traducción Jorge González y Aloe Azid aBarcelona (España)bThule Edicionesc2005 a[40] páginasbilustraciones a color 0aTrampantojo aPremio al Mejor Libro Infantil de la American Library Association, 2005. aPremio de la New York Book Show, Sección Infantil, 2005. 7aCuentos infantiles indios 7aLibros ilustrados para niños 7aLibros y lectura para niños 7aLiteratura infantil india 7aLiteratura infantil1 aBiswas, Pulakeilustrador1 aGonzález, Jorgeetraductor tTiger on a tree